| 000 | 00528nam a2200181Ia 4500 | ||
|---|---|---|---|
| 005 | 20250508151920.0 | ||
| 008 | 008 250505s9999 xx 000 0 eng d | ||
| 037 | _aTextual | ||
| 040 |
_aFEDL _beng _cFEDL |
||
| 041 |
_aeng _2eng |
||
| 084 |
_a572.795 4, IND _qFEDL |
||
| 245 | 0 | _aAdivasis | |
| 245 | 0 | _cIndia. Information and Broadcasting , (Ministry of ...) | |
| 260 |
_aDelhi, India _bThe Publications Division _c1955 |
||
| 300 | _a154p | ||
| 942 |
_cTEXL _h572.795 4, IND |
||
| 999 |
_c1332920 _d1332920 |
||